000 00681nam a2200217Ia 4500
001 1928
003 GE_BSU
008 181216s||||||||xx |||||||||||||| ||und||
020 _a5942013896
040 _cGE_BSU
080 _a347.7
100 _aГолик,Ю.В;Карасев,В.И;
245 _aКоррупция как механизм социальной деградации
260 _aСПБ
260 _bР. Асланова ,,Юридический центр Прес",
260 _c2005
300 _a329 с. 20 см.
541 _h15 л.
653 _aКоррупция как механизм социальной деградации
942 _cBK
999 _c36029
_d36029